Nueva gramática de la lengua española. Sintaxis II
Salvato in:
| Ente Autore: | |
|---|---|
| Natura: | Libro |
| Lingua: | Undetermined |
| Pubblicazione: |
Madrid, España
Espasa Libros
2009
|
| Soggetti: | |
| Tags: |
Aggiungi Tag
Nessun Tag, puoi essere il primo ad aggiungerne!!
|
MARC
| LEADER | 00000nam a2200000Ia 4500 | ||
|---|---|---|---|
| 008 | 170316s9999 xx 000 0 und d | ||
| 090 | |a 415-E R-2nu v.2 | ||
| 110 | |a Real Academia Española | ||
| 245 | |a Nueva gramática de la lengua española. Sintaxis II | ||
| 260 | |a Madrid, España | ||
| 260 | |b Espasa Libros | ||
| 260 | |c 2009 | ||
| 300 | |a 3885 páginas Vol. 2 | ||
| 650 | |a GRAMÁTICA ESPAÑOLA | ||
| 650 | |a SINTAXIS | ||
| 650 | |a EL VERBO | ||
| 650 | |a LA PREPOSICIÓN | ||
| 650 | |a EL ADVERBIO | ||
| 650 | |a LA CONJUNCIÓN | ||
| 650 | |a LA INTERJECCIÓN | ||
| 650 | |a EL SUJETO | ||
| 650 | |a EL COMPLEMENTO | ||
| 650 | |a EL ATRIBUTO | ||
| 650 | |a LOS ADJUNTOS | ||
| 650 | |a LAS ORACIONES | ||
| 999 | |c 19072 |d 19072 | ||
| 040 | |a cru BVZT | ||
| 942 | |c 15 D |h 415-E R-2nu v.2 |2 z | ||
